00846 2200325 4500001002100000005001500021007000300036008004100039020002200080035002000102040001700122041000800139082000800147084001400155090002200169100002800191245002900219250001200248264003400260300002100294336002100315337003000336338002300366650001200389700005800401850001000459990001700469990001700486990001700503INLIS00000000000747620260602010925ta260602 0  a978-979-033-235-5 a0010-0822000450 aSBPUPADbind07aind a621 a621 DEE p a641.59 RIK r t5-40 aDee PhillipsePengarang1 aPenemuan /cDee Phillips a.-Cet.1 a.--Jakarta :bErlangga,c2007 a64 hlm :billus. 2rdacontentateks 2rdamediaatanpa perantara 2rdacarrieravolume 4aTerapan0 aPenerjemahan, Faisal R: Editor, Shelomi A.ePengarang aPUPAD a12871/H-2010 a12872/H-2010 a12873/H-2010